Fyzika-příklady. 1 /

Hlavní autor: Řezníček, Radoš, 1928-2013
Korporativní autor: Vysoká škola zemědělská v Praze
Jazyk: Čeština
Vydáno: Praha : Státní pedagogické nakladatelství, 1977
Vydání: 2.,dopl.vyd.
Edice: Učební texty vysokých škol / Vysoká škola zemědělská v Praze
Fyzický popis: 400 s.
Knihy
Uloženo v:
LEADER 00851nam a2200229 a 4500
001 000373574
003 CZ BrMZK
005 20180925105142.0
007 ta
008 010907s1977 xr f cze d
040 |a BOA001  |b cze 
100 1 |a Řezníček, Radoš,  |d 1928-2013  |7 jk01110128  |4 aut 
245 1 0 |a Fyzika-příklady.  |n 1 /  |c Radoš Řezníček 
250 |a 2.,dopl.vyd. 
260 |a Praha :  |b Státní pedagogické nakladatelství,  |c 1977 
300 |a 400 s. 
490 1 |a Učební texty vysokých škol / Vysoká škola zemědělská v Praze 
710 2 |a Vysoká škola zemědělská v Praze  |7 ko20010092576 
810 2 |a Vysoká škola zemědělská v Praze.  |t Učební texty vysokých škol  |0 s 
910 |a BOA001  |b 4-0769.885,1 
990 |a BK 
996 6 |b 2619813957  |c 4-0769.885,1  |l MZK  |r Sklad / do 1 hodiny  |n 13  |w 000373574  |u 000010  |a 1  |e BOA001  |j MZK50  |s P